| 000 | 00443nam a22001337a 4500 | ||
|---|---|---|---|
| 008 | 230602b xxu||||| |||| 00| 0 eng d | ||
| 082 |
_a301.0720519 _bDEV |
||
| 100 | _d2008 | ||
| 110 | _bInstitute for Social Development and Policy Research, Seoul National University | ||
| 245 | _aDevelopment and Society | ||
| 260 |
_aKorea _bInstitute for Social Development and Policy Research, Seoul National University |
||
| 300 | _a115 p | ||
| 942 |
_2ddc _cBK |
||
| 999 |
_c180 _d180 |
||